Lewis's medical-surgical nursing in Canada : (Record no. 171869)
[ view plain ]
| 000 -LEADER | |
|---|---|
| fixed length control field | 00954nam a22002657a 4500 |
| 003 - CONTROL NUMBER IDENTIFIER | |
| control field | OSt |
| 005 - DATE AND TIME OF LATEST TRANSACTION | |
| control field | 20251009130135.0 |
| 008 - FIXED-LENGTH DATA ELEMENTS--GENERAL INFORMATION | |
| fixed length control field | 250529b |||||||| |||| 00| 0 eng d |
| 020 ## - INTERNATIONAL STANDARD BOOK NUMBER | |
| International Standard Book Number | 9780323791564 (Hardcover) |
| 040 ## - CATALOGING SOURCE | |
| Original cataloging agency | NUST |
| Language of cataloging | eng |
| Transcribing agency | NUST |
| Modifying agency | NUST |
| Description conventions | rda |
| 050 ## - LIBRARY OF CONGRESS CALL NUMBER | |
| Classification number | RT41 TYE |
| 100 ## - MAIN ENTRY--PERSONAL NAME | |
| Personal name | Tyerman, Jane |
| Relator term | Author |
| 245 ## - TITLE STATEMENT | |
| Title | Lewis's medical-surgical nursing in Canada : |
| Remainder of title | assessment and management of clinical problems / |
| Statement of responsibility, etc. | Jane Tyerman and Shelly L. Cobbert. |
| 250 ## - EDITION STATEMENT | |
| Edition statement | Fifth edition. |
| 260 ## - PUBLICATION, DISTRIBUTION, ETC. | |
| Place of publication, distribution, etc. | Canada : |
| Name of publisher, distributor, etc. | Elsevier, |
| Date of publication, distribution, etc. | ©2023. |
| 300 ## - PHYSICAL DESCRIPTION | |
| Extent | xxxiii, 1911 pages : |
| Other physical details | Illustrations ; |
| Dimensions | 30 cm. |
| 336 ## - CONTENT TYPE | |
| Source | rdacontent |
| Content type term | text |
| Content type code | txt |
| 337 ## - MEDIA TYPE | |
| Source | rdamedia |
| Media type term | unmediated |
| Media type code | n |
| 338 ## - CARRIER TYPE | |
| Source | rdacarrier |
| Carrier type term | volume |
| Carrier type code | nc |
| 504 ## - BIBLIOGRAPHY, ETC. NOTE | |
| Bibliography, etc. note | Includes bibliographical references and index. |
| 650 ## - SUBJECT ADDED ENTRY--TOPICAL TERM | |
| Topical term or geographic name entry element | Medicine nursing. |
| 650 ## - SUBJECT ADDED ENTRY--TOPICAL TERM | |
| Topical term or geographic name entry element | Nursing. |
| 700 ## - ADDED ENTRY--PERSONAL NAME | |
| Personal name | Cobbert, Shelley L. |
| Relator term | Author |
| 942 ## - ADDED ENTRY ELEMENTS (KOHA) | |
| Source of classification or shelving scheme | Library of Congress Classification |
| Koha item type | Ordinary Loan Books |
| Edition | Fifth edition. |
| Classification part | RT41 TYE |
| Call number prefix | RT |
| Call number suffix | TYE |
| Suppress in OPAC | No |
| Withdrawn status | Lost status | Source of classification or shelving scheme | Damaged status | Not for loan | Collection | Home library | Current library | Shelving location | Date acquired | Source of acquisition | Cost, normal purchase price | Total Checkouts | Full call number | Barcode | Date last seen | Accession number | Cost, replacement price | Price effective from | Koha item type | Public note |
|---|---|---|---|---|---|---|---|---|---|---|---|---|---|---|---|---|---|---|---|---|
| LCC | NFIC | Medical | Medical | GEN | 05/29/2025 | Book Aid International | 110.00 | RT41 TYE | 92004054952 | 05/29/2025 | 62326 | 110.00 | 05/29/2025 | BOOKS | Donation | |||||
| LCC | NFIC | Medical | Medical | GEN | 10/09/2025 | Book Aid International | 110.00 | RT41 TYE | 92004055853 | 10/09/2025 | 62323 | 110.00 | 10/09/2025 | BOOKS | Donation |